zpět

Detail výsledku týmu

Bar U Souseda, Plzeň

Datum a čas kvízu

29 Celkem bodů Celkový počet nahraných bodů na tomto kvízu bez doplňovacích otázek.
4. Pořadí na kvízu Konečné umístění týmu na tomto kvízu.

Zaznamenané odpovědi

# Otázka Odpověď Body Výsledky
1. Minulý týden rozbouřil vody če... Vondráček s kolegou vyskočili na předsednický pult a hráli na kytary. 1
2. Je všeobecně známo, že Čína dl... turisté prý špatně snášejí vysokou nadmořskou výšku 0
3. Poté, co skončil úspěšný seriá... Zkáza Dejvického divadla 1
4. Švédská automobilka Volvo omez... 180 km/h 1
5. Vedoucí žena Světového poháru... Špindlerův Mlýn 1
6. V prvních čtyřech otázkách tém... Alois Jirásek, Staré pověsti české 1
7. "Ačkoli nemám rád všechna ta p... Zdeněk Jirotka, Saturnin 1
8. "Mé nejstarší vzpomínky... To... Karel Čapek, Hovory s TGM 1
9. „Drva hlaďúnký, bílúnký, a tak... Rudolf Těsnohlídek, Liška Bystrouška 0
10. "V jednom kupé druhé třídy ryc... B 1